000 04115nam a2200601 c 4500
003 BLK
005 20250613171033.0
008 180410b bul|||||r ||||||| ||bul||
010 _aKNG00157068000
020 _a978-954-490-327-5
_bиздат.: Екс-прес - на том (ч. 1)
040 _aBLK
041 _aBUL
_cBUL
072 7 _2bullib
_aН37
_xОбразование. Педагогика Н
080 _aОснови на възпитанието (материални, теоретични, философски и др.). Педагогика
_b37.01
_x(075.8)
_z37.01(075.8)
700 1 _aПопов, Теодор Николов
_eавт. на том
_9369112
700 1 _aЧавдарова-Костова, Сийка Георгиева
_e*
_9371947
700 1 _aТодорова, Лиляна Иванова
_e*
_9372363
700 1 _aЯнакиева, Елка Кирилова
_e*
_9380585
700 1 _aБалканска, Полина Ангелова
_e*
_9331088
700 1 _aАлександрова, Магдалена Банчева
_e*
_9331089
700 1 _aЧакърова, Людмила Найденова
_e*
_9331090
700 1 _aМладенова, Силвия Младенова
_e*
_9370141
700 1 _aСиджимова, Добриана Александрова
_e*
_9331091
700 1 _aХристова-Коцева, Рени Георгиева
_e*
_9331092
700 1 _aГеоргиева, Ваня Спасова
_e*
_9378057
700 1 _aМилчева, Христина Танчева
_e*
_9380586
700 1 _aМарангу-Недялкова, Хрисула Атанас
_e*
_992534
700 1 _aТрендафилова, Петя Димитрова
_e*
_9331093
700 1 _aГосподинов, Владислав Динков
_e*
_9380587
700 1 _aПетрова, Гергана Георгиева
_e*
_9331094
139 _aПедагогика
_bП 32
245 1 0 _aПедагогика
_bУчебник за студенти от Фак. по обществено здраве Мед. унив. - София : Ч. 1 -
_cавт. на том Теодор Николов Попов; * Сийка Георгиева Чавдарова-Костова; * Лиляна Иванова Тодорова; * Елка Кирилова Янакиева; * Полина Ангелова Балканска; * Магдалена Банчева Александрова; * Людмила Найденова Чакърова; * Силвия Младенова Младенова; * Добриана Александрова Сиджимова; * Рени Георгиева Христова-Коцева; * Ваня Спасова Георгиева; * Христина Танчева Милчева; * Хрисула Атанас Марангу-Недялкова; * Петя Димитрова Трендафилова; * Владислав Динков Господинов; * Гергана Георгиева Петрова.
_nЧ. 1
_pТеория на възпитанието
250 _a3. доп. и прераб. изд.
257 _aBGR
260 Габрово
_c2012 -
300 _c21 см
380 _a3
500 _aБез сведение за 1. изд., 2. изд. 2007 на изд. Везни.
650 4 _aПедагогика - учебници за ВУЗ
_9244165
650 4 _aВъзпитание - теория - учебници за ВУЗ
_9249064
653 _aвъзпитание
653 _aпедагогика
653 _aпедагогическа психология
653 _aучебници за ВУЗ
659 _aН
760 1 _3- на том (ч. 1)
_b3. доп. и прераб. изд.
_dЕкс-прес, 2012
_h328 с.
_nБиблиогр. с. 321-323 и след отд. гл.
_tЧ. 1 Теория на възпитанието
852 _aЦб 263456
856 4 _qpdf
_u
856 4 _qpdf
_u
942 _cKNG
_n0
_024
944 _aCR
_c21.02.2014
_lЦветомила Тодорова
_k30576
944 _aED
_c10.11.2015
_lф /
_kГеновева_Генчева
999 _c150730
_d150730